000 00479nam a2200169Ia 4500
005 20250508151849.0
008 008 250505s9999 xx 000 0 eng d
037 _aTextual
040 _aFEDL
_beng
_cFEDL
041 _aeng
_2eng
084 _a299.934, KRI
_qFEDL
245 0 _aKrishnamurti's talks 1953: Verbatim report
260 _aMadras, India
_bKrishnamurti Writings
_c1954
300 _a60p
942 _cTEXL
_h299.934, KRI
999 _c1332574
_d1332574